| 000 | 00918cam a2200289 i 4500 | ||
|---|---|---|---|
| 999 |
_c200453484 _d71696 |
||
| 003 | TR-AnTOB | ||
| 005 | 20230706203050.0 | ||
| 007 | ta | ||
| 008 | 041102s1995 TU 000 0 tur d | ||
| 020 | _a9757340006 | ||
| 040 |
_aTR-AnTOB _beng _erda _cTR-AnTOB |
||
| 041 | 0 | _atur | |
| 050 | 4 |
_aGT3405.E4 _bT375 1995 |
|
| 090 |
_aGT3405.E4 _bT375 1995 |
||
| 245 | 0 | 0 |
_aTarih ve etnografya açısından Nevruz / _cRusçadan Türkçeye tercüme Yıldız Pekcan, Sevinç Öztürk. |
| 250 | _a2. Baskı | ||
| 264 | 1 |
_aAnkara : _b[publisher not identified], _c1995. |
|
| 300 |
_a73 pages ; _c20 cm |
||
| 336 |
_atext _btxt _2rdacontent |
||
| 337 |
_aunmediated _bn _2rdamedia |
||
| 338 |
_avolume _bnc _2rdacarrier |
||
| 650 | 7 |
_aNevruz (Festival) _2etuturkob _915285 |
|
| 700 | 1 |
_aPekcan, Yıldız _etranslator _9142394 |
|
| 700 | 1 |
_aÖztürk, Sevinç _etranslator _9142395 |
|
| 942 |
_cBK _2lcc |
||